Biotechnology : Report of a Joint Working Party

Spremljeno u:
Bibliografski detalji
Format: Knjiga
Jezik:Undetermined
Izdano: London Her Majesty's Stationery Office 1980
Teme:
Oznake: Dodaj oznaku
Bez oznaka, Budi prvi tko označuje ovaj zapis!
Thư viện lưu trữ: Trung tâm Học liệu Trường Đại học Cần Thơ
LEADER 00503nam a2200169Ia 4500
001 CTU_79972
008 210402s9999 xx 000 0 und d
082 |a 660.6 
082 |b B615 
245 0 |a Biotechnology : 
245 0 |b Report of a Joint Working Party 
260 |a London 
260 |b Her Majesty's Stationery Office 
260 |c 1980 
650 |a Biochemical engineering,Biotechnology,Genetic engineering 
904 |i Trọng Hải 
980 |a Trung tâm Học liệu Trường Đại học Cần Thơ